| 000 | 01435nam a2200373 i 4500 | ||
|---|---|---|---|
| 001 | 195877 | ||
| 003 | ES-MaACL | ||
| 005 | 20250903092901.0 | ||
| 008 | 240728s2003 sp c ||b 001 ||spa|d | ||
| 017 | _aM 49771-2003 | ||
| 020 | _a8488699662 | ||
| 024 |
_2180030147 _qNIPO |
||
| 035 | _aRebiun09426753 | ||
| 040 |
_bspa _cES-MaACL |
||
| 110 | 2 |
_aBiblioteca Nacional de España _9234950 |
|
| 245 | 1 | 0 |
_aJuan Antonio Zunzunegui : _binventario de su archivo personal / _cBiblioteca Nacional. |
| 260 |
_aMadrid : _bBiblioteca Nacional, _c2003. |
||
| 300 |
_a164 p. : _bretrat ; _c24 cm. |
||
| 336 |
_2rdacontent _atexto |
||
| 337 |
_2rdamedia _asin mediación |
||
| 338 |
_2rdacarrier _avolumen |
||
| 490 | 1 |
_aColecciones singulares de la Biblioteca Nacional _v4 |
|
| 504 | _aÍndex | ||
| 600 | 0 | 4 |
_9118511 _aZunzunegui, Juan Antonio de |
| 655 | 0 |
_aCatálogos de bibliotecas _9193634 |
|
| 700 | 1 |
_aRucio Zamorano, María José, _d1966- _epbl _9233800 |
|
| 830 | 0 |
_aColecciones singulares de la Biblioteca Nacional _v4 _9223745 |
|
| 852 |
_aES-MaACL _bR.153405 _cDEPOJ _jN-8992 _hDonación: Biblioteca Nacional de España _xEncuadernación rústica con solapas _9204860 |
||
| 914 |
_aBiblioteca Nacional de España _ednr _9234950 |
||
| 942 |
_cMONOGRAFIA _n0 |
||
| 999 |
_c195877 _d195877 |
||